[Event "Obert Figueres Miquel Mas 2011"]
[Site "Figueres ESP"]
[Date "2011.08.14"]
[Round "5.19"]
[White "Temprano Mateos, Luis Jose"]
[Black "Vilanova Olmedo, Ignaci"]
[Result "1-0"]
[WhiteElo "2010"]
[BlackElo "1762"]
[PlyCount "61"]
[EventDate "2011.08.11"]
[EventType "swiss"]
[EventRounds "9"]
[EventCountry "ESP"]
[Source "lmi"]
[SourceDate "2011.08.11"]

1. d4 Nf6 2. c4 e6 3. g3 Be7 4. Bg2 O-O 5. Nf3 d5 6. O-O b6 7. Nbd2 Bb7 8. Ne5
Nbd7 9. Qc2 Nxe5 10. dxe5 Nd7 11. f4 Bc5+ 12. Kh1 f6 13. cxd5 fxe5 14. dxe6
Bxg2+ 15. Kxg2 Nf6 16. f5 Nd5 17. Nc4 Bd6 18. e4 Nf6 19. Bg5 h6 20. Bd2 b5 21.
Ne3 Qb8 22. Nd5 Nxd5 23. exd5 Qb7 24. Qe4 Rac8 25. Rac1 Rfd8 26. Rc6 Re8 27. f6
gxf6 28. Qg6+ Kh8 29. Qxh6+ Kg8 30. Qg6+ Kh8 31. Rf5 1-0

[Event "Obert Figueres Miquel Mas 2011"]
[Site "Figueres ESP"]
[Date "2011.08.14"]
[Round "5.21"]
[White "Loubet, Jean-Pierre"]
[Black "Lazaro Porta, Angel"]
[Result "0-1"]
[WhiteElo "1713"]
[BlackElo "1970"]
[PlyCount "48"]
[EventDate "2011.08.11"]
[EventType "swiss"]
[EventRounds "9"]
[EventCountry "ESP"]
[Source "lmi"]
[SourceDate "2011.08.11"]

1. e4 c5 2. d4 cxd4 3. Qxd4 Nc6 4. Qd1 Nf6 5. Nc3 e6 6. Be3 Bb4 7. f3 O-O 8.
Bc4 d5 9. exd5 exd5 10. Bb5 d4 11. Bxc6 dxc3 12. b3 bxc6 13. Ne2 Nd5 14. Bf2
Re8 15. O-O Ba6 16. Re1 Ne3 17. Qc1 Qd2 18. a3 Nxc2 19. axb4 Nxa1 20. Nxc3 Nxb3
21. Qxd2 Nxd2 22. Be3 Nc4 23. Kf2 Nxe3 24. Rxe3 Rxe3 0-1

[Event "Obert Figueres Miquel Mas 2011"]
[Site "Figueres ESP"]
[Date "2011.08.14"]
[Round "5.24"]
[White "Diaz Comas, Jordi"]
[Black "Boussely, Jack"]
[Result "1-0"]
[WhiteElo "1923"]
[BlackElo "1541"]
[PlyCount "39"]
[EventDate "2011.08.11"]
[EventType "swiss"]
[EventRounds "9"]
[EventCountry "ESP"]
[Source "lmi"]
[SourceDate "2011.08.11"]

1. d4 d5 2. c4 c6 3. Nf3 Nf6 4. Nc3 dxc4 5. Ne5 a6 6. a4 Bf5 7. f3 h6 8. e4 Bh7
9. Bxc4 e6 10. a5 Nbd7 11. Nd3 c5 12. d5 exd5 13. Nxd5 Be7 14. Qb3 Nxd5 15.
Bxd5 O-O 16. Qxb7 Rb8 17. Qxa6 c4 18. Bxc4 Rc8 19. Be3 Bf6 20. O-O 1-0

[Event "Obert Figueres Miquel Mas 2011"]
[Site "Figueres ESP"]
[Date "2011.08.14"]
[Round "5.26"]
[White "Puig Carres, Josep"]
[Black "Adrian, Louise"]
[Result "1-0"]
[WhiteElo "1838"]
[BlackElo "1365"]
[PlyCount "45"]
[EventDate "2011.08.11"]
[EventType "swiss"]
[EventRounds "9"]
[EventCountry "ESP"]
[Source "lmi"]
[SourceDate "2011.08.11"]

1. c4 c5 2. Nc3 Nc6 3. g3 Nf6 4. Bg2 g6 5. Nf3 Bg7 6. O-O O-O 7. d3 d5 8. cxd5
Nxd5 9. Nxd5 Qxd5 10. Ng5 Qe5 11. Rb1 Bg4 12. Re1 Rad8 13. Bf4 Qf6 14. Ne4 Qf5
15. Ng5 c4 16. Be4 Qb5 17. a4 Qa6 18. Qc2 Rd4 19. b4 b5 20. Be3 cxd3 21. Qxc6
Qxc6 22. Bxc6 Rc4 23. Bxb5 1-0

[Event "Obert Figueres Miquel Mas 2011"]
[Site "Figueres ESP"]
[Date "2011.08.14"]
[Round "5.28"]
[White "Gonzalez Manchon, Juan Miguel"]
[Black "Fleta Marin, Sergio"]
[Result "1-0"]
[WhiteElo "2069"]
[BlackElo "1675"]
[PlyCount "64"]
[EventDate "2011.08.11"]
[EventType "swiss"]
[EventRounds "9"]
[EventCountry "ESP"]
[Source "lmi"]
[SourceDate "2011.08.11"]

1. d4 Nf6 2. c4 d6 3. Nc3 g6 4. e4 Bg7 5. f3 Nbd7 6. Be3 e5 7. d5 O-O 8. Nge2
a6 9. Qd2 Ne8 10. g4 Nb6 11. Ng3 a5 12. Bd3 c6 13. O-O-O a4 14. h4 a3 15. b3
Nd7 16. h5 Nc5 17. Bc2 Qa5 18. Nb1 Qb6 19. Nc3 Qb4 20. Rdg1 f5 21. gxf5 gxf5
22. h6 f4 23. hxg7 Rf7 24. Bxc5 Qxc5 25. Nf5 Bxf5 26. exf5 Rxg7 27. Rxg7+ Kxg7
28. Qg2+ Kf8 29. Qg1 Qb4 30. Qe1 Nf6 31. Rh6 Ke7 32. Rxf6 e4 1-0

[Event "Obert Figueres Miquel Mas 2011"]
[Site "Figueres ESP"]
[Date "2011.08.14"]
[Round "5.32"]
[White "Falgueras Marti, Carles"]
[Black "Asensio Graells, Ricard"]
[Result "1-0"]
[WhiteElo "2009"]
[BlackElo "1510"]
[PlyCount "53"]
[EventDate "2011.08.11"]
[EventType "swiss"]
[EventRounds "9"]
[EventCountry "ESP"]
[Source "lmi"]
[SourceDate "2011.08.11"]

1. e4 d5 2. e5 Nh6 3. d4 Bg4 4. f3 Bh5 5. Ne2 e6 6. c3 Nd7 7. Bxh6 gxh6 8. Nf4
Bg6 9. c4 Bxb1 10. Rxb1 Bb4+ 11. Kf2 c6 12. c5 Qg5 13. g3 O-O-O 14. a3 Ba5 15.
b4 Bc7 16. Qa4 Bb8 17. b5 Nxc5 18. dxc5 Qe7 19. Qb4 cxb5 20. Bxb5 Bc7 21. Be2
Bb8 22. Rhc1 Qc7 23. Kg2 a6 24. c6 bxc6 25. Bxa6+ Kd7 26. Qa4 Ke7 27. Rb7 1-0

[Event "Obert Figueres Miquel Mas 2011"]
[Site "Figueres ESP"]
[Date "2011.08.15"]
[Round "6.1"]
[White "Vishnu, Prasanna  V"]
[Black "Adrian, Claude"]
[Result "1-0"]
[WhiteElo "2340"]
[BlackElo "2291"]
[PlyCount "83"]
[EventDate "2011.08.11"]
[EventType "swiss"]
[EventRounds "9"]
[EventCountry "ESP"]
[Source "lmi"]
[SourceDate "2011.08.11"]

1. e4 e6 2. d4 d5 3. Nc3 Bb4 4. exd5 exd5 5. Bd3 Nc6 6. a3 Bxc3+ 7. bxc3 Nge7
8. Qf3 Be6 9. Ne2 Qd7 10. h3 Bf5 11. O-O O-O 12. Ng3 Bxd3 13. cxd3 Ng6 14. Bg5
Rae8 15. Rae1 Re6 16. Qg4 Qe8 17. Bd2 Qe7 18. f4 Rxe1 19. Rxe1 Qh4 20. Qf3 Rd8
21. f5 Nf8 22. Kh2 Rd7 23. Nh5 Qd8 24. Qg3 f6 25. Re8 Qxe8 26. Nxf6+ Kf7 27.
Nxe8 Kxe8 28. Bf4 Kd8 29. Be5 g6 30. Bf6+ Ke8 31. fxg6 hxg6 32. h4 Kf7 33. Bg5
Kg8 34. Bf4 Ne7 35. Bxc7 Nf5 36. Qe5 Nxh4 37. Bd6 Nf5 38. Bxf8 Kxf8 39. Qf6+
Kg8 40. Qe6+ Rf7 41. Qxd5 Kg7 42. Qe5+ 1-0

[Event "Obert Figueres Miquel Mas 2011"]
[Site "Figueres ESP"]
[Date "2011.08.15"]
[Round "6.2"]
[White "Martinez, Duanny Lelys Stanle"]
[Black "Oms Pallisse, Josep"]
[Result "1/2-1/2"]
[WhiteElo "2455"]
[BlackElo "2489"]
[PlyCount "21"]
[EventDate "2011.08.11"]
[EventType "swiss"]
[EventRounds "9"]
[EventCountry "ESP"]
[Source "lmi"]
[SourceDate "2011.08.11"]

1. d4 d5 2. c4 c6 3. Nf3 Nf6 4. Nc3 dxc4 5. a4 Bf5 6. e3 e6 7. Bxc4 Bb4 8. O-O
O-O 9. Qe2 Nbd7 10. e4 Bg6 11. e5 1/2-1/2

[Event "Obert Figueres Miquel Mas 2011"]
[Site "Figueres ESP"]
[Date "2011.08.15"]
[Round "6.4"]
[White "Spielmann, Alain"]
[Black "Aroshidze, Levan"]
[Result "0-1"]
[WhiteElo "2266"]
[BlackElo "2539"]
[PlyCount "68"]
[EventDate "2011.08.11"]
[EventType "swiss"]
[EventRounds "9"]
[EventCountry "ESP"]
[Source "lmi"]
[SourceDate "2011.08.11"]

1. Nf3 c5 2. c4 Nf6 3. g3 b6 4. Bg2 Bb7 5. O-O e6 6. Nc3 a6 7. Re1 d6 8. e4 Be7
9. d4 cxd4 10. Nxd4 Qc7 11. Be3 O-O 12. Rc1 Re8 13. f4 Bf8 14. f5 h6 15. fxe6
fxe6 16. Qe2 Qf7 17. Rf1 Nbd7 18. Nf3 Qh5 19. h3 Nxe4 20. Nxe4 Bxe4 21. g4 Qg6
22. Nh4 Qh7 23. Qf2 Ne5 24. Bxb6 Be7 25. Bxe4 Qxe4 26. Rce1 Qb7 27. Ng6 Nxg6
28. Qf7+ Kh7 29. Rxe6 Qxb6+ 30. Kh1 Rf8 31. Qxg6+ Kh8 32. Rf5 Rxf5 33. gxf5
Qb7+ 34. Kg1 Rf8 0-1

[Event "Obert Figueres Miquel Mas 2011"]
[Site "Figueres ESP"]
[Date "2011.08.15"]
[Round "6.5"]
[White "Anikaev, Yuri N"]
[Black "Deleyn, Gunter"]
[Result "0-1"]
[WhiteElo "2438"]
[BlackElo "2222"]
[PlyCount "50"]
[EventDate "2011.08.11"]
[EventType "swiss"]
[EventRounds "9"]
[EventCountry "ESP"]
[Source "lmi"]
[SourceDate "2011.08.11"]

1. d4 Nf6 2. Nf3 e6 3. c4 Bb4+ 4. Nc3 c5 5. e3 O-O 6. Bd3 Nc6 7. a3 Bxc3+ 8.
bxc3 d6 9. e4 e5 10. d5 Ne7 11. h3 Qa5 12. Qc2 Ng6 13. g3 Nxe4 14. Bxe4 f5 15.
Ng5 fxe4 16. Be3 Bf5 17. g4 Bd7 18. Kd2 Nh4 19. Qxe4 g6 20. f4 exf4 21. Qe7
Nf3+ 22. Nxf3 fxe3+ 23. Qxe3 Rae8 24. Qd3 b5 25. Rhe1 bxc4 0-1

[Event "Obert Figueres Miquel Mas 2011"]
[Site "Figueres ESP"]
[Date "2011.08.15"]
[Round "6.6"]
[White "Lillo Ferrer, Jose Maria"]
[Black "Lorenzo De La Riva, Lazaro"]
[Result "0-1"]
[WhiteElo "2151"]
[BlackElo "2391"]
[PlyCount "170"]
[EventDate "2011.08.11"]
[EventType "swiss"]
[EventRounds "9"]
[EventCountry "ESP"]
[Source "lmi"]
[SourceDate "2011.08.11"]

1. d4 c5 2. e3 Nf6 3. Nf3 g6 4. Bd3 Bg7 5. O-O O-O 6. c3 d6 7. h3 Nbd7 8. Qe2
Qc7 9. a4 b6 10. Na3 a6 11. e4 e5 12. dxe5 dxe5 13. Re1 Bb7 14. Qc2 Nh5 15. g3
h6 16. Nh4 Kh7 17. b3 Qc6 18. Nc4 Rad8 19. Kh2 Rfe8 20. f3 Nf8 21. Be3 Bf6 22.
Ng2 Ne6 23. Be2 Qc7 24. Rad1 Bc6 25. Rxd8 Rxd8 26. Rd1 b5 27. Rxd8 Qxd8 28. Nb2
Qc7 29. Qd2 Bg7 30. Bf2 Qb8 31. axb5 axb5 32. Ne3 b4 33. Nd5 bxc3 34. Qxc3 Nd4
35. Bc4 Qa7 36. Kg2 f5 37. Nd3 f4 38. g4 Ng3 39. Nc1 h5 40. b4 hxg4 41. hxg4
Bf8 42. b5 Bxd5 43. Bxd5 Qb8 44. Bxd4 exd4 45. Qa5 Bd6 46. b6 Qd8 47. Qa7+ Kh6
48. Nd3 Qh4 49. Qa1 Qd8 50. b7 Qb6 51. e5 Bb8 52. e6 Qd6 53. Bc4 Qe7 54. Qe1
Bd6 55. Qb1 Qh4 56. Nf2 Qd8 57. e7 Qxe7 58. b8=Q Bxb8 59. Qxb8 g5 60. Qh8+ Kg6
61. Bd3+ Kf7 62. Qh7+ Ke6 63. Ne4 Nxe4 64. Qxe4+ Kd6 65. Qxe7+ Kxe7 66. Kf2 Kd6
67. Bc4 Kc6 68. Ke2 Kb6 69. Kd3 Ka5 70. Bd5 Kb4 71. Be6 Kb5 72. Bf7 Kb4 73. Bg6
Kb3 74. Bh7 Kb4 75. Kc2 c4 76. Bg6 Ka4 77. Bf7 Kb5 78. Be6 Kc5 79. Kb2 Kb4 80.
Bd7 d3 81. Bf5 c3+ 82. Kc1 Kc4 83. Kb1 Kd4 84. Kc1 Ke3 85. Kd1 c2+ 0-1

[Event "Obert Figueres Miquel Mas 2011"]
[Site "Figueres ESP"]
[Date "2011.08.15"]
[Round "6.7"]
[White "Cuadras Avellana, Jorge"]
[Black "Houriez, Clement"]
[Result "1-0"]
[WhiteElo "2304"]
[BlackElo "2328"]
[PlyCount "125"]
[EventDate "2011.08.11"]
[EventType "swiss"]
[EventRounds "9"]
[EventCountry "ESP"]
[Source "lmi"]
[SourceDate "2011.08.11"]

1. e4 c5 2. Nf3 d6 3. d4 Nf6 4. Nc3 cxd4 5. Nxd4 a6 6. Be2 e5 7. Nb3 Be7 8. O-O
O-O 9. Kh1 b6 10. f3 Bb7 11. Be3 b5 12. a4 b4 13. Nd5 Nxd5 14. exd5 Nd7 15. c4
bxc3 16. bxc3 Qc7 17. c4 Rab8 18. Qd3 Nc5 19. Nxc5 dxc5 20. Rab1 Bd6 21. Qc2 f5
22. Bd2 Rbe8 23. a5 Bc8 24. Rb6 Qe7 25. Bc3 Bc7 26. Rc6 Bb7 27. Re6 Qd7 28.
Rxe8 Rxe8 29. Bd3 g6 30. Qf2 Bd6 31. Bc2 Bc8 32. Bb2 Qc7 33. Qd2 Bd7 34. Qc3 f4
35. Qd2 Rb8 36. Bc3 Qd8 37. Re1 Qc7 38. Qe2 Re8 39. Rb1 Rb8 40. Qe1 Kf7 41.
Rxb8 Qxb8 42. Qh4 Kg8 43. Qf6 Qf8 44. Bxe5 Bxe5 45. Qxe5 Qe8 46. Qxe8+ Bxe8 47.
g3 fxg3 48. hxg3 Kf7 49. Kg2 Kf6 50. f4 h6 51. Kf3 Bd7 52. Ke3 Be8 53. Bd1 Bd7
54. Bf3 Bc8 55. Be2 Ke7 56. Bd3 g5 57. Bg6 Bd7 58. Be4 Be8 59. Bh7 Bd7 60. Bg6
Ba4 61. fxg5 hxg5 62. Bf5 Bb3 63. Kd3 1-0

[Event "Obert Figueres Miquel Mas 2011"]
[Site "Figueres ESP"]
[Date "2011.08.15"]
[Round "6.8"]
[White "Perez Calahorra, Ricardo"]
[Black "Pruja Ramirez De Cartagena, Marc"]
[Result "1/2-1/2"]
[WhiteElo "2181"]
[BlackElo "2269"]
[PlyCount "84"]
[EventDate "2011.08.11"]
[EventType "swiss"]
[EventRounds "9"]
[EventCountry "ESP"]
[Source "lmi"]
[SourceDate "2011.08.11"]

1. e4 c5 2. c3 d5 3. exd5 Qxd5 4. d4 g6 5. Nf3 Bg7 6. Na3 cxd4 7. Bc4 Qe4+ 8.
Be3 Nh6 9. cxd4 O-O 10. Qc1 Nc6 11. O-O Ng4 12. Nb5 Nxe3 13. Qxe3 Qxe3 14. fxe3
Bf5 15. Nc3 Rac8 16. Be2 Nb4 17. Ne1 e5 18. d5 Rxc3 19. bxc3 Nxd5 20. g4 Be6
21. e4 Nxc3 22. Bf3 Bh6 23. Ng2 Rd8 24. h4 Rd4 25. g5 Bf8 26. Rac1 Nxe4 27.
Rfe1 Nc5 28. Rcd1 Rxd1 29. Bxd1 e4 30. Re2 b5 31. Kf2 a5 32. Ke3 b4 33. Kd4 a4
34. Nf4 Bf5 35. Nd5 b3 36. axb3 axb3 37. Kc4 Be6 38. Kd4 h6 39. Nf6+ Kh8 40.
Rb2 Nd3 41. Rxb3 Bxb3 42. Bxb3 Nf2 1/2-1/2

[Event "Obert Figueres Miquel Mas 2011"]
[Site "Figueres ESP"]
[Date "2011.08.15"]
[Round "6.10"]
[White "Gonzalez Vericat, Sergio"]
[Black "Campo Echevarria, Juan Francisc"]
[Result "1-0"]
[WhiteElo "2229"]
[BlackElo "2112"]
[PlyCount "113"]
[EventDate "2011.08.11"]
[EventType "swiss"]
[EventRounds "9"]
[EventCountry "ESP"]
[Source "lmi"]
[SourceDate "2011.08.11"]

1. Nf3 Nf6 2. b3 d5 3. Bb2 Bg4 4. g3 Bxf3 5. exf3 Nbd7 6. f4 e6 7. Bg2 c6 8.
O-O Be7 9. d3 O-O 10. Nd2 Qb6 11. Nf3 Bc5 12. a3 a5 13. Rb1 Ng4 14. Qe2 Rfe8
15. h3 Ngf6 16. Ne5 Bd4 17. c3 Bc5 18. d4 Bf8 19. b4 axb4 20. cxb4 Nxe5 21.
fxe5 Nd7 22. f4 g6 23. g4 Bg7 24. Kh1 f5 25. exf6 Bxf6 26. Rbd1 Qd8 27. Qf3 Nb6
28. Rd3 Nc4 29. Bc1 Qd7 30. h4 b5 31. Bh3 Qg7 32. Qf2 Kh8 33. Re1 Bd8 34. f5
gxf5 35. gxf5 Qf7 36. Rf3 exf5 37. Rf1 Qg7 38. Rxf5 Bb6 39. Rf7 Qxd4 40. Qxd4+
Bxd4 41. Bh6 Rg8 42. Bf5 Bg7 43. Rg1 Nd6 44. Bxg7+ Rxg7 45. Rgxg7 Nxf5 46.
Rxh7+ Kg8 47. Ra7 Nxh4 48. Rxa8+ Kxh7 49. Rc8 Kg6 50. Rxc6+ Kf5 51. Rc5 Ke4 52.
Rxb5 d4 53. Rh5 Nf5 54. Kg2 Ne3+ 55. Kf2 Nc2 56. b5 d3 57. b6 1-0

[Event "Obert Figueres Miquel Mas 2011"]
[Site "Figueres ESP"]
[Date "2011.08.15"]
[Round "6.11"]
[White "Sabria Batlle, Pol"]
[Black "Parramon Ros, Francesc"]
[Result "1-0"]
[WhiteElo "2209"]
[BlackElo "2042"]
[PlyCount "65"]
[EventDate "2011.08.11"]
[EventType "swiss"]
[EventRounds "9"]
[EventCountry "ESP"]
[Source "lmi"]
[SourceDate "2011.08.11"]

1. e4 e5 2. Nf3 Nc6 3. Bb5 Nd4 4. Nxd4 exd4 5. O-O Ne7 6. d3 g6 7. Bg5 Bg7 8.
Nd2 O-O 9. f4 d5 10. Qf3 f6 11. Bh4 c6 12. Ba4 Qa5 13. Bb3 Qxd2 14. Bf2 c5 15.
Rae1 Kh8 16. exd5 Nf5 17. g4 Nh6 18. h3 Qa5 19. Bg3 Bd7 20. Re7 Rad8 21. f5 Ng8
22. d6 Bc6 23. Qe2 Rfe8 24. Bf7 Nxe7 25. dxe7 Ra8 26. fxg6 c4 27. Rf5 Qxa2 28.
Rh5 Qb1+ 29. Kf2 h6 30. Qd2 Qxc2 31. Qxc2 Rxe7 32. Qd2 Re3 33. Bf4 1-0

[Event "Obert Figueres Miquel Mas 2011"]
[Site "Figueres ESP"]
[Date "2011.08.15"]
[Round "6.12"]
[White "Balague Camps, Marc"]
[Black "Toste Nieto, Alexandre"]
[Result "1/2-1/2"]
[WhiteElo "2119"]
[BlackElo "1964"]
[PlyCount "61"]
[EventDate "2011.08.11"]
[EventType "swiss"]
[EventRounds "9"]
[EventCountry "ESP"]
[Source "lmi"]
[SourceDate "2011.08.11"]

1. e4 c5 2. Nf3 e6 3. d4 cxd4 4. Nxd4 a6 5. Nc3 Qc7 6. Be3 Nc6 7. Qd2 Nf6 8.
O-O-O Bb4 9. f3 Na5 10. Nb3 d5 11. exd5 Nxd5 12. Bd4 f6 13. Nxa5 Bxa5 14. Kb1
Bxc3 15. Bxc3 Nxc3+ 16. Qxc3 Qxc3 17. bxc3 Bd7 18. Kb2 Ke7 19. Bc4 Rad8 20.
Rhe1 Rhe8 21. f4 Bc8 22. Rxd8 Rxd8 23. Bxe6 Bxe6 24. f5 Rd2 25. Rxe6+ Kf7 26.
Rb6 Rxg2 27. h4 Rf2 28. Rxb7+ Kf8 29. Rb8+ Kf7 30. Rb7+ Kf8 31. Rb8+ 1/2-1/2

[Event "Obert Figueres Miquel Mas 2011"]
[Site "Figueres ESP"]
[Date "2011.08.15"]
[Round "6.13"]
[White "Vidal Zamora, Alex"]
[Black "Diaz Comas, Jordi"]
[Result "1-0"]
[WhiteElo "2112"]
[BlackElo "1923"]
[PlyCount "61"]
[EventDate "2011.08.11"]
[EventType "swiss"]
[EventRounds "9"]
[EventCountry "ESP"]
[Source "lmi"]
[SourceDate "2011.08.11"]

1. e4 e6 2. d4 d5 3. Nc3 dxe4 4. Nxe4 Bd7 5. Nf3 Bc6 6. Bd3 Nd7 7. O-O Ngf6 8.
Ng3 Be7 9. b3 O-O 10. c4 Bxf3 11. Qxf3 c6 12. Bb2 Qa5 13. Rfe1 Ba3 14. Bc3 Bb4
15. Bxb4 Qxb4 16. Ne4 Nxe4 17. Rxe4 Nf6 18. Rh4 h6 19. Rd1 Qe7 20. Re1 Rfe8 21.
Rf4 Rad8 22. Re5 Rd7 23. g4 Nh7 24. h4 g5 25. Bxh7+ Kxh7 26. hxg5 hxg5 27. Rf6
Kg7 28. Rxg5+ Kf8 29. Rh5 Kg7 30. g5 Rxd4 31. Rxf7+ 1-0

[Event "Obert Figueres Miquel Mas 2011"]
[Site "Figueres ESP"]
[Date "2011.08.15"]
[Round "6.14"]
[White "Guzman Maglaya, Noli"]
[Black "Triadu Cassa, Jordi"]
[Result "0-1"]
[WhiteElo "1977"]
[BlackElo "2083"]
[PlyCount "72"]
[EventDate "2011.08.11"]
[EventType "swiss"]
[EventRounds "9"]
[EventCountry "ESP"]
[Source "lmi"]
[SourceDate "2011.08.11"]

1. d4 d5 2. c4 c6 3. Nc3 Nf6 4. e3 g6 5. Nf3 Bg7 6. cxd5 Nxd5 7. e4 Nxc3 8.
bxc3 c5 9. Bb5+ Nd7 10. O-O O-O 11. e5 e6 12. Qe2 Qc7 13. a4 a6 14. Bd3 b6 15.
Nd2 Bb7 16. Ne4 c4 17. Bc2 Rfb8 18. Nd6 Bd5 19. Ba3 b5 20. axb5 axb5 21. Bb4
Qc6 22. f3 Bf8 23. h4 Nb6 24. Qe3 Rxa1 25. Rxa1 Nc8 26. Qf4 Nxd6 27. exd6 Qd7
28. Be4 Rd8 29. Qf6 Bxd6 30. Bxd5 Bxb4 31. Bxe6 fxe6 32. cxb4 Qxd4+ 33. Qxd4
Rxd4 34. Ra5 c3 35. Kf2 c2 36. Ra8+ Kf7 0-1

[Event "Obert Figueres Miquel Mas 2011"]
[Site "Figueres ESP"]
[Date "2011.08.15"]
[Round "6.15"]
[White "Parals Marce, Luis"]
[Black "Martin Fernandez, Santiago"]
[Result "0-1"]
[WhiteElo "2077"]
[BlackElo "1867"]
[PlyCount "66"]
[EventDate "2011.08.11"]
[EventType "swiss"]
[EventRounds "9"]
[EventCountry "ESP"]
[Source "lmi"]
[SourceDate "2011.08.11"]

1. Nf3 Nf6 2. d4 d5 3. c4 c6 4. b3 Bf5 5. e3 e6 6. Bd3 Bg6 7. O-O Nbd7 8. Bb2
Be7 9. Nc3 Bxd3 10. Qxd3 O-O 11. e4 dxe4 12. Nxe4 Nxe4 13. Qxe4 Nf6 14. Qe2 Re8
15. Rad1 Qa5 16. Rd3 Qh5 17. Qc2 Rad8 18. Rfd1 Ne4 19. Ne5 Ng5 20. f4 f6 21.
Nxc6 bxc6 22. fxg5 Qxg5 23. Rh3 Qg6 24. Qe2 e5 25. Re3 Bf8 26. Re1 Bb4 27. Rd1
exd4 28. Bxd4 Rxe3 29. Bxe3 Re8 30. Qf2 Qh5 31. Rf1 Rxe3 32. Qf4 Re5 33. Kh1
Qe2 0-1

[Event "Obert Figueres Miquel Mas 2011"]
[Site "Figueres ESP"]
[Date "2011.08.15"]
[Round "6.16"]
[White "Balague Canadell, Jordi"]
[Black "Puig Carres, Josep"]
[Result "0-1"]
[WhiteElo "2063"]
[BlackElo "1838"]
[PlyCount "64"]
[EventDate "2011.08.11"]
[EventType "swiss"]
[EventRounds "9"]
[EventCountry "ESP"]
[Source "lmi"]
[SourceDate "2011.08.11"]

1. Nf3 e6 2. c4 d5 3. e3 Nf6 4. Nc3 a6 5. d4 dxc4 6. Bxc4 b5 7. Bb3 Bb7 8. O-O
Nbd7 9. Qe2 c5 10. Rd1 c4 11. Bc2 Rc8 12. e4 Bb4 13. a4 Bxc3 14. bxc3 O-O 15.
axb5 axb5 16. e5 Bxf3 17. Qxf3 Nd5 18. Ba3 Re8 19. Rdb1 Qg5 20. Bc1 Qe7 21.
Rxb5 Ra8 22. Rba5 N7b6 23. Be4 Qb7 24. Rxa8 Rxa8 25. Rxa8+ Qxa8 26. Qd1 Qa1 27.
Bf3 Nxc3 28. Qe1 Na2 29. Bd2 Qxe1+ 30. Bxe1 c3 31. Bd1 Nd5 32. Bb3 Ndb4 0-1

[Event "Obert Figueres Miquel Mas 2011"]
[Site "Figueres ESP"]
[Date "2011.08.15"]
[Round "6.17"]
[White "Lazaro Porta, Angel"]
[Black "Vinardell Cruanas, Sergi"]
[Result "1/2-1/2"]
[WhiteElo "1970"]
[BlackElo "2061"]
[PlyCount "74"]
[EventDate "2011.08.11"]
[EventType "swiss"]
[EventRounds "9"]
[EventCountry "ESP"]
[Source "lmi"]
[SourceDate "2011.08.11"]

1. Nf3 d5 2. c4 c6 3. g3 Nf6 4. Bg2 dxc4 5. a4 Bf5 6. Na3 Nbd7 7. Nxc4 e6 8.
O-O Bb4 9. d3 O-O 10. Bg5 h6 11. Bf4 Qe7 12. Nd4 Bg4 13. Nc2 e5 14. Bd2 Bxd2
15. Qxd2 Nc5 16. Ra3 Rad8 17. f3 Bc8 18. Qc3 Rfe8 19. b4 Na6 20. e4 c5 21. b5
Nb4 22. Rd1 Nxc2 23. Qxc2 Rd4 24. Rc3 b6 25. a5 Qc7 26. axb6 axb6 27. Ra1 Bb7
28. Ra7 Ra8 29. Rca3 Rdd8 30. Qc3 Nd7 31. Bh3 Rxa7 32. Rxa7 Qb8 33. Ra3 Bc8 34.
Qa1 f6 35. Ra8 Qc7 36. Ra7 Qb8 37. Ra8 Qc7 1/2-1/2

[Event "Obert Figueres Miquel Mas 2011"]
[Site "Figueres ESP"]
[Date "2011.08.15"]
[Round "6.18"]
[White "Gonzalez Pabollet, Jesus Maria"]
[Black "Temprano Mateos, Luis Jose"]
[Result "1/2-1/2"]
[WhiteElo "1933"]
[BlackElo "2010"]
[PlyCount "73"]
[EventDate "2011.08.11"]
[EventType "swiss"]
[EventRounds "9"]
[EventCountry "ESP"]
[Source "lmi"]
[SourceDate "2011.08.11"]

1. e4 e5 2. Nf3 Nc6 3. Bb5 Nf6 4. O-O Nxe4 5. d4 Nd6 6. Bxc6 dxc6 7. Re1 Be7 8.
dxe5 Nf5 9. Qxd8+ Bxd8 10. Nc3 Be6 11. Ne4 b6 12. b3 h6 13. Ba3 Be7 14. Bxe7
Nxe7 15. Nd4 O-O-O 16. Rad1 Kb7 17. c4 Ng6 18. Nc3 c5 19. Nxe6 fxe6 20. Kf1 Kc6
21. Re3 Rxd1+ 22. Nxd1 Rd8 23. Nc3 Rd7 24. g3 Ne7 25. f4 Rd2 26. Re2 Rd3 27.
Ne4 Nf5 28. Kf2 a5 29. Rd2 Rd4 30. Kf3 a4 31. g4 Rxd2 32. Nxd2 Nd4+ 33. Ke4 Ne2
34. Nb1 axb3 35. axb3 Nd4 36. Nd2 g6 37. h3 1/2-1/2

[Event "Obert Figueres Miquel Mas 2011"]
[Site "Figueres ESP"]
[Date "2011.08.15"]
[Round "6.19"]
[White "Ragueneau, Yann Klemens"]
[Black "Gonzalez Manchon, Juan Miguel"]
[Result "0-1"]
[WhiteElo "1414"]
[BlackElo "2069"]
[PlyCount "62"]
[EventDate "2011.08.11"]
[EventType "swiss"]
[EventRounds "9"]
[EventCountry "ESP"]
[Source "lmi"]
[SourceDate "2011.08.11"]

1. e4 e5 2. Nf3 Nc6 3. Bc4 Nf6 4. Ng5 d5 5. exd5 Nd4 6. c3 b5 7. Bb3 Nxb3 8.
Qxb3 Qxd5 9. Qxd5 Nxd5 10. O-O f6 11. Ne4 Bb7 12. Re1 Nf4 13. f3 Nd3 14. Rf1 f5
15. Ng3 Bc5+ 16. Kh1 O-O 17. a4 a6 18. Na3 Bd5 19. a5 Ba7 20. Nc2 Nf2+ 21. Kg1
Nd3+ 22. Kh1 Bb7 23. Ne1 Rad8 24. Nxd3 Rxd3 25. Ne2 Rf6 26. Ra2 Rg6 27. Ra1 h5
28. Ng3 Rg5 29. Ne2 h4 30. h3 e4 31. f4 Rxh3+ 0-1

[Event "Obert Figueres Miquel Mas 2011"]
[Site "Figueres ESP"]
[Date "2011.08.15"]
[Round "6.20"]
[White "Colls Bosch, Emili"]
[Black "Medina Masdeu, Rasen"]
[Result "1-0"]
[WhiteElo "2015"]
[BlackElo "1794"]
[PlyCount "55"]
[EventDate "2011.08.11"]
[EventType "swiss"]
[EventRounds "9"]
[EventCountry "ESP"]
[Source "lmi"]
[SourceDate "2011.08.11"]

1. e4 c5 2. Nf3 g6 3. c4 Bg7 4. d4 cxd4 5. Nxd4 Nc6 6. Be3 Nf6 7. Nc3 d6 8. Be2
Bd7 9. O-O O-O 10. Qd2 Rc8 11. f3 Ne5 12. b3 a6 13. Rac1 Qa5 14. Rfd1 Rfe8 15.
Kh1 Bc6 16. Bg5 Qc7 17. b4 b6 18. Nd5 Bxd5 19. cxd5 Qb7 20. a4 Rxc1 21. Rxc1
Rc8 22. Rxc8+ Qxc8 23. Qc2 Qb7 24. Nc6 Kf8 25. Nxe5 dxe5 26. Qc6 Qxc6 27. dxc6
Ke8 28. Be3 1-0

[Event "Obert Figueres Miquel Mas 2011"]
[Site "Figueres ESP"]
[Date "2011.08.15"]
[Round "6.22"]
[White "Colomer Camarasa, Jordi"]
[Black "Bosch Sola, Enric"]
[Result "1/2-1/2"]
[WhiteElo "1947"]
[BlackElo "1820"]
[PlyCount "51"]
[EventDate "2011.08.11"]
[EventType "swiss"]
[EventRounds "9"]
[EventCountry "ESP"]
[Source "lmi"]
[SourceDate "2011.08.11"]

1. b4 e5 2. Bb2 d6 3. c4 Nf6 4. e3 c6 5. Nf3 Be7 6. Be2 O-O 7. O-O Qb6 8. b5
cxb5 9. cxb5 Bd7 10. Nc3 Rc8 11. a4 Bg4 12. h3 Bh5 13. g4 Bg6 14. Nh4 Nbd7 15.
Nxg6 hxg6 16. g5 Nh7 17. h4 Nhf8 18. Nd5 Qd8 19. f4 Rc5 20. Nxe7+ Qxe7 21. d4
exd4 22. Bxd4 Rc7 23. Bg4 Ne6 24. Qf3 Rac8 25. Bxe6 fxe6 26. a5 1/2-1/2